00913cam a2200205 a 450000500170000000800370001702000150005405000200006924501410008925000110023026001210024130000210036249000910038350400330047465000390050765000390054665000420058570000460062770000340067320240201145506.0 s mx spa  a9681642163 0aJL960bF43 199300aFederalismos latinoamericanos b : México, Brasil, Argentina c Marcello Carmagnani, coordinador ; Germán Bidart Campos,...[et al.]. a1a ed. aMéxico :bEl Colegio de México :bFideicomiso Historia de las Américas :bFondo de Cultura Económica, c1993 a416 p. ;c23 cm.0 aSección de Obras de Historia. aEstudios / cordinada por Alicia Hernández Chávez aBibliografía: (p. 395-396) 4aGobierno FederalxHistoriazMexico 4aGobierno FederalxHistoriazBrasil 4aGobierno FederalxHistoriazArgentina1 aCarmagnani, Marcello,eautorecoordinador1 aBidart Campos, German,eautor